000 00919cab a22002175a 4500
001 L153947
008 110927e20111017xxk 000 0 eng d
035 _a(Sirsi) u153947
041 0 _aeng
100 1 _aDonnell, Richard
245 0 0 _aFocus
_bResidential
260 _c2011
490 _aEstates Gazette
_v(1137) 17 September 2011, 75-85(9)
520 _aFeatures include London's housing market which has evolved a unique dynamic with overseas buyers and the financial services industry keeping prices higher than other parts of the country. Also includes information about government's proposed changes to energy performance certificates to include more details about potential energy-saving measures tailored to the home for sale or to let.
590 _aKA
651 4 _aUnited Kingdom
_y
690 _aPROPERTY-RESIDENTIAL PROPERTY
700 1 _aNorwood, Graham
700 1 _aKenny, James
942 _n0
999 _c83423
_d83423